Normal view
MARC view
- Jenkins.R.O
Entry Personal Name
001 - CONTROL NUMBER
- control field: 113575
003 - CONTROL NUMBER IDENTIFIER
- control field: NUST
005 - DATE AND TIME OF LATEST TRANSACTION
- control field: 20230712115050.0
008 - FIXED-LENGTH DATA ELEMENTS
- fixed length control field: 230712|| aca||aabn | a|a d
040 ## - CATALOGING SOURCE
- Original cataloging agency: NUST
- Transcribing agency: NUST
100 ## - HEADING--PERSONAL NAME
- Personal name: Jenkins.R.O
670 ## - SOURCE DATA FOUND
- Source citation: Work cat.: (NUST)180901: Jenkins.R.O, Electron and Lon Emission from Solids /, 1965.
